| 000 | 00705cam a2200217 4500 | ||
|---|---|---|---|
| 001 | WB3616-24 | ||
| 008 | 000000n2000 000 0 eng u | ||
| 035 | _a(Sirsi) u105551 | ||
| 245 | 2 | _aA tale of two cities | |
| 260 | _c2000 | ||
| 490 |
_aObserver _vMagazine 23 April 2000, 25-29(LOAN) |
||
| 520 | _aContrasts the different property and communities around Canary Wharf, examining the affluence of the commercial property in the arwa with the poverty of the housing estates. | ||
| 590 | _aWB | ||
| 650 | _aCANARY WHARF | ||
| 650 | _aTOWER HAMLETS | ||
| 650 | _aPROPERTY-COMMERCIAL PROPERTY | ||
| 650 | _aRESIDENTIAL | ||
| 650 | _aHOUSING ESTATES | ||
| 690 | _aECONOMIC ISSUES | ||
| 942 | _n0 | ||
| 999 |
_c63243 _d63243 |
||